|
|
|
|
| LEADER |
00000nam a22000007a 4500 |
| 008 |
180611b2017 cr ||||| |||| 00| | spa d |
| 999 |
|
|
|c 3494
|d 3494
|
| 090 |
|
|
|a 06.03.04
|b 2458
|
| 100 |
1 |
|
|a Araya Ramírez , Jéssica
|9 1610
|
| 245 |
1 |
0 |
|a Los principios de la conciencia fonológica en el desarrollo de métodos y enfoques para lectoescritura inicial /
|c Jéssica Araya Ramírez
|
| 260 |
|
|
|a [San José, Costa Rica]
|b Escuela de Formación Docente,
|c 2017
|
| 300 |
|
|
|a 8 hojas sin paginar
|
| 650 |
1 |
4 |
|9 365
|a LECTURA
|
| 650 |
1 |
4 |
|9 1189
|a ESCRITURA
|
| 650 |
1 |
4 |
|9 367
|a EDUCACIÓN PRIMARIA
|
| 650 |
1 |
4 |
|9 36
|a ESPAÑOL
|
| 942 |
|
|
|i 004431
|h 06.03.04 2458
|2 z
|c 01
|